[Event "Aegean op 39th"]
[Site "Aghios Kirykos"]
[Date "2016.07.15"]
[Round "7"]
[White "Theoharidis, Georgios"]
[Black "Papakostas, Vasilis"]
[Result "1-0"]
[WhiteElo "1862"]
[BlackElo "1668"]
[PlyCount "83"]
[EventDate "2016.07.11"]
[EventType "swiss"]
[EventRounds "9"]
[EventCountry "GRE"]
[SourceTitle "EXT 2017"]
[Source "ChessBase"]
[SourceDate "2016.10.25"]
[SourceVersion "1"]
[SourceVersionDate "2016.10.25"]
[SourceQuality "1"]

1. e4 e6 2. d4 d5 3. Nc3 Bb4 4. exd5 exd5 5. Qf3 Nc6 6. Qd3 Nge7 7. Nge2 Bf5 8. Qg3 0-0 9. Bf4 Rc8 10. 0-0-0 Ng6 11. h4 Nxf4 12. Qxf4 Be6 13. h5 Bd6 14. Qd2 Na5 15. Nf4 Bxf4 16. Qxf4 c5 17. dxc5 Rxc5 18. h6 Qf6 19. Qxf6 gxf6 20. Rd3 Rfc8 21. Rh5 Nc4 22. Nxd5 Ne5 23. Nxf6+ Kh8 24. Rd2 Bxa2 25. f4 Nd7 26. Rxc5 Nxc5 27. Kd1 Ne6 28. f5 Nc7 29. b3 Ne8 30. Nxe8 Rxe8 31. Bc4 Kg8 32. c3 Bb1 33. Rd7 Rf8 34. Rxb7 Bxf5 35. Rxa7 Be6 36. Bxe6 fxe6 37. Rg7+ Kh8 38. Re7 Kg8 39. Rxe6 Kf7 40. Rc6 Rg8 41. Rc7+ Kg6 42. Rg7+ 1-0

[Event "GRE-ch U14"]
[Site "Rio Achaia"]
[Date "2015.07.01"]
[Round "8.5"]
[White "Alexakis, Georgios"]
[Black "Papakostas, Vasilis"]
[Result "1-0"]
[WhiteElo "1949"]
[BlackElo "1540"]
[PlyCount "55"]
[EventDate "2015.06.26"]
[EventType "swiss"]
[EventRounds "9"]
[EventCountry "GRE"]
[SourceTitle "EXT 2024"]
[Source "ChessBase"]
[SourceDate "2023.10.10"]
[SourceVersion "1"]
[SourceVersionDate "2023.10.10"]
[SourceQuality "1"]

1. e4 e6 2. Nf3 d5 3. Nc3 Nf6 4. e5 Nfd7 5. d4 c5 6. dxc5 Nc6 7. Bf4 Bxc5 8. Bd3 f6 9. exf6 Nxf6 10. 0-0 0-0 11. Qd2 Bd7 12. Rae1 Nh5 13. Bg5 Qb8 14. a3 Rxf3 15. gxf3 Ng3 16. Bxh7+ Kh8 17. Bd3 Nxf1 18. Bxf1 Nd4 19. Bg2 Qf8 20. f4 Qf5 21. Re3 Nxc2 22. Rh3+ Kg8 23. Nxd5 exd5 24. Qxd5+ Qf7 25. Rh8+ Kxh8 26. Qxf7 Bc6 27. Bxc6 bxc6 28. Qf5 1-0

[Event "GRE-ch U12"]
[Site "Patras"]
[Date "2013.07.14"]
[Round "9.11"]
[White "Papakostas, Vasilis"]
[Black "Kritsas, Vasileios"]
[Result "1/2-1/2"]
[WhiteElo "1552"]
[BlackElo "1353"]
[PlyCount "56"]
[EventDate "2013.07.08"]
[EventType "swiss"]
[EventRounds "9"]
[EventCountry "GRE"]
[SourceTitle "EXT 2024"]
[Source "ChessBase"]
[SourceDate "2023.10.10"]
[SourceVersion "1"]
[SourceVersionDate "2023.10.10"]
[SourceQuality "1"]

1. d4 d5 2. Nf3 Nf6 3. e3 e6 4. Bd3 c5 5. b3 Nc6 6. 0-0 Bd7 7. Bb2 Bd6 8. Nbd2 0-0 9. Ne5 Qc7 10. f4 cxd4 11. exd4 Qb6 12. Ndf3 h6 13. Kh1 Rac8 14. a3 Qc7 15. Nxc6 Bxc6 16. Ne5 Nd7 17. Qg4 Nf6 18. Qh3 Rfe8 19. Ng4 Nxg4 20. Qxg4 f5 21. Qg3 a6 22. a4 Re7 23. Rf3 Be8 24. Qh4 Rf7 25. Re1 Bd7 26. Ref1 b5 27. Rg3 Kh7 28. Qg4 Kh8 1/2-1/2

[Event "GRE-ch U12"]
[Site "Patras"]
[Date "2013.07.08"]
[Round "1.10"]
[White "Papakostas, Vasilis"]
[Black "Papakonstantinou, Georgios"]
[Result "1-0"]
[WhiteElo "1552"]
[BlackElo "1300"]
[PlyCount "55"]
[EventDate "2013.07.08"]
[EventType "swiss"]
[EventRounds "9"]
[EventCountry "GRE"]
[SourceTitle "EXT 2024"]
[Source "ChessBase"]
[SourceDate "2023.10.10"]
[SourceVersion "1"]
[SourceVersionDate "2023.10.10"]
[SourceQuality "1"]

1. d4 Nf6 2. Nf3 e6 3. Nbd2 c5 4. e3 d5 5. b3 cxd4 6. exd4 Nc6 7. Bb2 Bd6 8. a3 Qc7 9. Bd3 e5 10. dxe5 Bxe5 11. Nxe5 Nxe5 12. Qe2 Nfd7 13. f4 0-0 14. fxe5 Re8 15. Nf3 f6 16. Bb5 a6 17. Bxd7 Bxd7 18. Qd2 Bb5 19. Qxd5+ Kh8 20. 0-0-0 Rac8 21. Qd2 Red8 22. Qf2 Rf8 23. exf6 gxf6 24. Ng5 Qc6 25. Rhe1 Kg8 26. Re7 Rc7 27. Rxc7 Qxc7 28. Ne6 1-0

[Event "GRE-chT 40th"]
[Site "Achaia"]
[Date "2012.07.01"]
[Round "3.10"]
[White "Betsakos, Konstantinos"]
[Black "Papakostas, Vasilis"]
[Result "1-0"]
[WhiteElo "1407"]
[BlackElo "1555"]
[PlyCount "85"]
[EventDate "2012.06.30"]
[EventType "team-swiss"]
[EventRounds "7"]
[EventCountry "GRE"]
[SourceTitle "CBM 149 Extra"]
[Source "ChessBase"]
[SourceDate "2012.08.24"]
[SourceVersion "1"]
[SourceVersionDate "2012.08.24"]
[SourceQuality "1"]
[WhiteTeam "Triandrias"]
[BlackTeam "AEK"]
[WhiteTeamCountry "GRE"]
[BlackTeamCountry "GRE"]

1. d4 Nf6 2. c4 e6 3. Nc3 Bb4 4. Qc2 c5 5. Nf3 0-0 6. Bd2 Nc6 7. e3 cxd4 8. exd4 d6 9. a3 Bxc3 10. Bxc3 Re8 11. Be2 e5 12. dxe5 dxe5 13. Rd1 Qc7 14. 0-0 Bg4 15. Rfe1 e4 16. Ng5 Qf4 17. Bxf6 gxf6 18. Bxg4 fxg5 19. Bd7 Re7 20. Bxc6 bxc6 21. Qa4 Rc8 22. Qa5 Rce8 23. Rd8 Kf8 24. Rxe8+ Kxe8 25. Qa6 Rc7 26. Qa5 Rb7 27. g3 Qf3 28. Qxg5 Kf8 29. Qe5 f6 30. Qxe4 Qxe4 31. Rxe4 Rxb2 32. Re6 Rb1+ 33. Kg2 Rb6 34. Rxf6+ Kg7 35. Rd6 Ra6 36. Rd3 Ra4 37. Rc3 Kf6 38. f4 Kf5 39. Kf3 h5 40. h3 Ke6 41. Ke4 Ra5 42. g4 hxg4 43. hxg4 1-0

[Event "GRE-chT 40th"]
[Site "Achaia"]
[Date "2012.06.30"]
[Round "1.1"]
[White "Ioannidis, Evgenios"]
[Black "Papakostas, Vasilis"]
[Result "1-0"]
[WhiteElo "1935"]
[BlackElo "1555"]
[PlyCount "97"]
[EventDate "2012.06.30"]
[EventType "team-swiss"]
[EventRounds "7"]
[EventCountry "GRE"]
[SourceTitle "CBM 149 Extra"]
[Source "ChessBase"]
[SourceDate "2012.08.24"]
[SourceVersion "1"]
[SourceVersionDate "2012.08.24"]
[SourceQuality "1"]
[WhiteTeam "Peristeriou"]
[BlackTeam "AEK"]
[WhiteTeamCountry "GRE"]
[BlackTeamCountry "GRE"]

1. e4 e6 2. d4 d5 3. e5 c5 4. c3 Nc6 5. Nf3 Bd7 6. a3 c4 7. Be2 Nge7 8. Nbd2 Na5 9. Rb1 Ng6 10. 0-0 Be7 11. Re1 0-0 12. Bf1 Qe8 13. Qe2 Ba4 14. Ra1 Bc2 15. g3 Qa4 16. h4 Rfc8 17. Ng5 Bxg5 18. hxg5 b5 19. Qh5 Rab8 20. Be2 Nb3 21. Nxb3 Qxb3 22. f3 a5 23. Kf2 b4 24. axb4 axb4 25. Ra7 bxc3 26. Rh1 Nh8 27. Ra3 Qb6 28. bxc3 Qc6 29. Ra2 Bg6 30. Qh4 Rb3 31. Bd2 Rcb8 32. Rha1 Rb1 33. Ra6 Qc8 34. R1a5 R1b2 35. Qf4 R8b6 36. Ra7 Rb7 37. Rc5 Qd8 38. Ra6 R2b6 39. Ra4 Rb5 40. Rc6 R5b6 41. Rd6 Qe8 42. Ra5 Rb8 43. Bc1 Rb3 44. Qd2 R3b6 45. Ba3 Rb3 46. Bb4 Ra8 47. Rxa8 Qxa8 48. Qa2 Qe8 49. Qa5 1-0

[Event "GRE-ch U12"]
[Site "Rio Achaia"]
[Date "2012.06.25"]
[Round "3.2"]
[White "Ioannidis, Evgenios"]
[Black "Papakostas, Vasilis"]
[Result "1-0"]
[WhiteElo "1935"]
[BlackElo "1555"]
[PlyCount "91"]
[EventDate "2012.06.24"]
[EventType "swiss"]
[EventRounds "7"]
[EventCountry "GRE"]
[SourceTitle "EXT 2024"]
[Source "ChessBase"]
[SourceDate "2023.10.10"]
[SourceVersion "1"]
[SourceVersionDate "2023.10.10"]
[SourceQuality "1"]

1. d4 Nf6 2. c4 e6 3. Nc3 Bb4 4. Qc2 Nc6 5. Nf3 d6 6. a3 Bxc3+ 7. Qxc3 0-0 8. Bg5 d5 9. c5 Ne4 10. Bxd8 Nxc3 11. Bxc7 Nb5 12. Be5 f6 13. e3 Nxa3 14. Rxa3 fxe5 15. dxe5 Rf5 16. Bd3 Rh5 17. h4 Nxe5 18. Nxe5 Rxe5 19. Kd2 d4 20. exd4 Rd5 21. Ke3 Kh8 22. Be4 Rd7 23. Rha1 a6 24. c6 Rc7 25. cxb7 Bxb7 26. Bxb7 Rxb7 27. Rxa6 Rab8 28. R1a2 Rb3+ 29. Ke4 h6 30. Rxe6 Rxb2 31. Rxb2 Rxb2 32. Re8+ Kh7 33. Rf8 Re2+ 34. Kd5 g6 35. g3 Kg7 36. Rf3 Kg8 37. Kd6 Rd2 38. d5 Re2 39. Kd7 Rd2 40. d6 Re2 41. Kd8 Rd2 42. d7 Re2 43. Rc3 Ra2 44. Kc7 Ra7+ 45. Kd6 Ra6+ 46. Rc6 1-0

[Event "GRE-ch U18"]
[Site "Nikaia"]
[Date "2012.01.09"]
[Round "9"]
[White "Papakostas, Vasilis"]
[Black "Papakonstantinou, Georgios"]
[Result "1-0"]
[WhiteElo "1607"]
[BlackElo "1371"]
[PlyCount "79"]
[EventDate "2012.01.03"]
[EventType "swiss"]
[EventRounds "9"]
[EventCountry "GRE"]
[SourceTitle "CBM 146 Extra"]
[Source "ChessBase"]
[SourceDate "2012.02.29"]
[SourceVersion "1"]
[SourceVersionDate "2012.02.29"]
[SourceQuality "1"]

1. d4 Nf6 2. c4 e6 3. Nc3 Bb4 4. f3 Bxc3+ 5. bxc3 Qe7 6. Bg5 h6 7. Bh4 d6 8. e4 Nbd7 9. Qc2 0-0 10. Ne2 Re8 11. Bf2 e5 12. d5 Nf8 13. g4 Ng6 14. h4 Nh7 15. h5 Ngf8 16. Ng3 Ng5 17. Be2 Qf6 18. Nf5 Bxf5 19. gxf5 Nfh7 20. Rb1 b6 21. Bh4 Nf8 22. Qd2 Nfh7 23. Qb2 a6 24. Qb3 a5 25. Qb5 Qe7 26. Qc6 Rad8 27. Kf2 Qd7 28. Qxd7 Rxd7 29. c5 dxc5 30. Bb5 Rdd8 31. Bxe8 Rxe8 32. Kg3 Rb8 33. Rhd1 b5 34. d6 cxd6 35. Rxd6 f6 36. Bxg5 Nxg5 37. Rd5 b4 38. Rxc5 b3 39. Rxb3 Rxb3 40. axb3 1-0

[Event "GRE-ch U18"]
[Site "Nikaia"]
[Date "2012.01.07"]
[Round "7"]
[White "Kouros, Ahileas"]
[Black "Papakostas, Vasilis"]
[Result "1-0"]
[WhiteElo "1322"]
[BlackElo "1607"]
[PlyCount "99"]
[EventDate "2012.01.03"]
[EventType "swiss"]
[EventRounds "9"]
[EventCountry "GRE"]
[SourceTitle "CBM 146 Extra"]
[Source "ChessBase"]
[SourceDate "2012.02.29"]
[SourceVersion "1"]
[SourceVersionDate "2012.02.29"]
[SourceQuality "1"]

1. e4 e6 2. d4 d5 3. exd5 exd5 4. Nf3 Nf6 5. Be3 Bd6 6. Bd3 0-0 7. Nbd2 Re8 8. 0-0 Nc6 9. c3 Bg4 10. h3 Bh5 11. Bg5 h6 12. Bh4 g5 13. Bg3 Bxg3 14. fxg3 g4 15. hxg4 Bxg4 16. Re1 Qd6 17. Kh2 h5 18. Qc2 a6 19. Nh4 Be6 20. Bf5 Bxf5 21. Qxf5 Ne7 22. Qg5+ Kh7 23. Nf5 Nxf5 24. Qxf5+ Kh8 25. Nf3 Rg8 26. Ne5 Rg7 27. Kg1 Rh7 28. Rf1 Ne4 29. Nxf7+ Rxf7 30. Qxf7 Nxg3 31. Qf6+ Qxf6 32. Rxf6 Kg7 33. Rf3 Ne4 34. Raf1 Rc8 35. Rf7+ Kg6 36. Rf8 Rxf8 37. Rxf8 c6 38. Rb8 Nd6 39. Rd8 Nc4 40. b3 Na5 41. Rd7 Kf6 42. b4 Nc4 43. Rxb7 a5 44. Rc7 axb4 45. Rxc6+ Kf5 46. cxb4 Ke4 47. a4 Kxd4 48. a5 Kc3 49. a6 d4 50. a7 1-0

[Event "GRE-ch U18"]
[Site "Nikaia"]
[Date "2012.01.04"]
[Round "3"]
[White "Andrianatos, Anargyros"]
[Black "Papakostas, Vasilis"]
[Result "0-1"]
[WhiteElo "1390"]
[BlackElo "1607"]
[PlyCount "102"]
[EventDate "2012.01.03"]
[EventType "swiss"]
[EventRounds "9"]
[EventCountry "GRE"]
[SourceTitle "CBM 146 Extra"]
[Source "ChessBase"]
[SourceDate "2012.02.29"]
[SourceVersion "1"]
[SourceVersionDate "2012.02.29"]
[SourceQuality "1"]

1. e4 e6 2. Nf3 d5 3. exd5 exd5 4. d4 Nf6 5. Nc3 Be7 6. Qe2 0-0 7. Bg5 Nc6 8. Qe3 Re8 9. 0-0-0 Ng4 10. Qd2 Bxg5 11. Nxg5 Nxf2 12. Qxf2 Qxg5+ 13. Kb1 Bg4 14. Be2 Bxe2 15. Nxe2 Rad8 16. Rhf1 Re7 17. Ng3 Qg6 18. Rde1 Rde8 19. Rxe7 Rxe7 20. Re1 Rxe1+ 21. Qxe1 Qe6 22. Qxe6 fxe6 23. c3 Kf7 24. Kc2 Kg6 25. Ne2 Kf5 26. Kd3 Ne7 27. Ng3+ Kg4 28. Ne2 Nf5 29. h3+ Kg5 30. g3 Kf6 31. g4 Nd6 32. Ng3 Kg5 33. b3 g6 34. c4 Kh4 35. Ne2 g5 36. Nc3 c6 37. c5 Ne4 38. Nxe4 dxe4+ 39. Kxe4 Kxh3 40. Kf3 Kh4 41. a4 a5 42. Ke4 Kxg4 43. Ke5 h5 44. Kxe6 h4 45. d5 cxd5 46. Kxd5 h3 47. c6 bxc6+ 48. Kxc6 h2 49. Kb6 h1Q 50. Kxa5 Qa8+ 51. Kb5 Kf5 0-1

[Event "GRE-ch U10"]
[Site "Eretria"]
[Date "2011.06.30"]
[Round "8.1"]
[White "Giannoulakis, Labros"]
[Black "Papakostas, Vasilis"]
[Result "0-1"]
[WhiteElo "1524"]
[BlackElo "1596"]
[PlyCount "82"]
[EventDate "2011.06.25"]
[EventType "swiss"]
[EventRounds "9"]
[EventCountry "GRE"]
[SourceTitle "EXT 2024"]
[Source "ChessBase"]
[SourceDate "2023.10.10"]
[SourceVersion "1"]
[SourceVersionDate "2023.10.10"]
[SourceQuality "1"]

1. d4 d5 2. Nf3 Nf6 3. Bf4 e6 4. e3 Be7 5. h3 0-0 6. Nbd2 c5 7. c3 Nc6 8. Bd3 cxd4 9. exd4 Bd6 10. Ne5 Qc7 11. Qe2 Bxe5 12. dxe5 Nd7 13. Qh5 g6 14. Qh6 Ncxe5 15. Bc2 Nc5 16. Kd1 Ncd7 17. h4 f5 18. h5 gxh5 19. Qxe6+ Rf7 20. Nf3 Qc6 21. Qe8+ Rf8 22. Qxh5 Nf6 23. Qg5+ Ng6 24. Ne5 Qe8 25. Rh6 Kg7 26. Kd2 Ne4+ 27. Bxe4 dxe4 28. Rah1 Qd8+ 29. Qxd8 Rxd8+ 30. Ke3 Nf8 31. g4 fxg4 32. Kxe4 b6 33. R1h4 Re8 34. Kd3 Bf5+ 35. Kc4 Rac8+ 36. Kb3 Re6 37. R6h5 Rf6 38. Nxg4 Be6+ 39. Kc2 Rxf4 40. Rg5+ Ng6 41. f3 Bxg4 0-1